[Event "Veneto CIS Prom 4 55th"]
[Site "Meledo"]
[Date "2024.03.17"]
[Round "5.1"]
[White "Lovato, Mattia"]
[Black "Rampin, Tommaso"]
[Result "0-1"]
[WhiteElo "1702"]
[BlackElo "1722"]
[PlyCount "106"]
[EventDate "2024.03.15"]
[EventType "team-tourn"]
[EventRounds "5"]
[EventCountry "ITA"]
[SourceTitle "EXT 2025"]
[Source "ChessBase"]
[SourceDate "2024.10.14"]
[SourceVersion "1"]
[SourceVersionDate "2024.10.14"]
[SourceQuality "1"]
[WhiteTeam "Meledo Scacchi Berici II"]
[BlackTeam "Saonara Grandmaster Gang"]
[WhiteTeamCountry "ITA"]
[BlackTeamCountry "ITA"]

1. e4 e5 2. Nf3 Nc6 3. Bb5 a6 4. Bxc6 dxc6 5. h3 Qd6 6. Nc3 Bd7 7. d3 0-0-0 8. Be3 c5 9. Qe2 h6 10. Nd2 Be6 11. 0-0-0 Qd7 12. Nc4 Bd6 13. Nxd6+ Qxd6 14. Rhf1 g5 15. Na4 b6 16. b3 Kb7 17. Kb2 Ne7 18. g4 Nc6 19. f3 Nd4 20. Bxd4 cxd4 21. Kc1 Qa3+ 22. Kb1 b5 23. Nb2 a5 24. Qd2 Ra8 25. c4 dxc3 26. Qxc3 f6 27. Rc1 Rhc8 28. Qc6+ Ka7 29. Qxe6 a4 30. bxa4 bxa4 31. Qc4 Rab8 32. Qc3 Rxb2+ 33. Qxb2 Rb8 34. Qxb8+ Kxb8 35. Rfd1 Qb4+ 36. Kc2 Qc5+ 37. Kd2 Qf2+ 38. Kc3 Qxa2 39. Rb1+ Kc8 40. Rb2 Qa3+ 41. Kc2 Qc5+ 42. Kb1 Qe3 43. Rh2 Qxf3 44. Rdd2 a3 45. Ka2 h5 46. gxh5 Qxh5 47. Kxa3 Kd7 48. Kb3 Qf7+ 49. Kc2 Qa2+ 50. Kd1 Qa1+ 51. Ke2 Qg1 52. Kf3 Qf1+ 53. Ke3 Qf4+ 0-1

[Event "Veneto CIS Prom 4 55th"]
[Site "Meledo"]
[Date "2024.03.17"]
[Round "4.4"]
[White "Steffenato, Francesco"]
[Black "Rampin, Tommaso"]
[Result "1/2-1/2"]
[WhiteElo "1399"]
[BlackElo "1722"]
[PlyCount "53"]
[EventDate "2024.03.15"]
[EventType "team-tourn"]
[EventRounds "5"]
[EventCountry "ITA"]
[SourceTitle "EXT 2025"]
[Source "ChessBase"]
[SourceDate "2024.10.14"]
[SourceVersion "1"]
[SourceVersionDate "2024.10.14"]
[SourceQuality "1"]
[WhiteTeam "Santa M.di Sala l'Alfiere"]
[BlackTeam "Saonara Grandmaster Gang"]
[WhiteTeamCountry "ITA"]
[BlackTeamCountry "ITA"]

1. e4 e5 2. Nf3 Nc6 3. Bc4 Nf6 4. Nc3 Nxe4 5. 0-0 Nxc3 6. dxc3 Be7 7. Qd5 0-0 8. Nxe5 Nxe5 9. Qxe5 c6 10. Bf4 d5 11. Bd3 Bf6 12. Qc7 Qxc7 13. Bxc7 Re8 14. Rfe1 Be6 15. Re2 Bg4 16. f3 Rxe2 17. Bxe2 Re8 18. Bd3 Bd7 19. Kf2 Bh4+ 20. Bg3 Bf6 21. Re1 Rxe1 22. Kxe1 Kf8 23. Kd2 b5 24. Bd6+ Be7 25. Bxe7+ Kxe7 26. b4 Kf6 27. Ke3 1/2-1/2

[Event "Veneto CIS Prom 4 55th"]
[Site "Meledo"]
[Date "2024.03.16"]
[Round "3.4"]
[White "Parolin, Fabio"]
[Black "Rampin, Tommaso"]
[Result "0-1"]
[WhiteElo "1557"]
[BlackElo "1722"]
[PlyCount "54"]
[EventDate "2024.03.15"]
[EventType "team-tourn"]
[EventRounds "5"]
[EventCountry "ITA"]
[SourceTitle "EXT 2025"]
[Source "ChessBase"]
[SourceDate "2024.10.14"]
[SourceVersion "1"]
[SourceVersionDate "2024.10.14"]
[SourceQuality "1"]
[WhiteTeam "Padova Patavius P1"]
[BlackTeam "Saonara Grandmaster Gang"]
[WhiteTeamCountry "ITA"]
[BlackTeamCountry "ITA"]

1. e4 e5 2. Nf3 Nc6 3. Bc4 Nf6 4. Ng5 d5 5. exd5 Na5 6. Bb5+ c6 7. dxc6 bxc6 8. Ba4 h6 9. Nf3 e4 10. Ne5 Qd4 11. Bxc6+ Nxc6 12. Nxc6 Qc5 13. Nxa7 Qxa7 14. 0-0 Bc5 15. d3 0-0 16. Nc3 e3 17. Bxe3 Bxe3 18. fxe3 Ng4 19. Nd5 Nxe3 20. Nxe3 Qxe3+ 21. Kh1 Bb7 22. Qg4 Rfe8 23. Qc4 Qe6 24. Qxe6 Rxe6 25. Rf4 Rxa2 26. Raf1 Re2 27. Rxf7 Bxg2+ 0-1